2025 Top 100 NFL Draft Prospects - Statistics

General Stats
  • This quiz has been taken 40 times
  • The average score is 30 of 100
Answer Stats
Answer % Correct
2 Cam Ward
100%
1 Travis Hunter
97%
12 Ashton Jeanty
83%
36 Sheduer Sanders
80%
74 T.J. Sanders
80%
23 Will Campbell
80%
3 Abdul Carter
77%
19 Jihaad Campbell
77%
70 Kaleb Johnson
73%
9 Mason Graham
73%
30 Will Johnson
73%
6 Jaxson Dart
70%
4 Armand Membou
60%
20 Tyler Warren
60%
8 Colston Loveland
57%
7 Kelvin Banks Jr.
57%
5 Tetairoa McMillan
57%
13 Emeka Egbuka
50%
51 TreVeyon Henderson
50%
39 Tyler Booker
50%
31 Donovan Jackson
47%
29 James Pearce Jr.
47%
22 Josh Simmons
47%
52 Landon Jackson
47%
45 Luther Burden III
43%
42 Omarion Hampton
43%
71 Quinshon Judkins
43%
91 Deone Walker
40%
21 Jahdae Barron
40%
25 Jalen Milroe
40%
16 Jalon Walker
40%
32 Kyle Williams
40%
55 Malaki Starks
40%
11 Mykel Williams
40%
83 Nohl Williams
40%
41 Tyleik Williams
40%
14 Matthew Golden
37%
18 Walter Nolen
37%
81 Charles Grant
33%
38 Grey Zabel
33%
79 Josaiah Stewart
33%
27 Josh Conerly Jr.
33%
17 Kenneth Grant
33%
15 Shemar Stewart
33%
56 Tyler Shough
33%
24 Derrick Harmon
30%
46 Nick Emmanwori
30%
68 Cameron Skattebo
23%
48 Jared Wilson
23%
62 Tre Harris
23%
80 Jack Sawyer
20%
10 Mike Green
20%
44 Shavon Revel Jr.
20%
49 Tate Ratledge
20%
73 Xavier Watts
20%
35 Carson Schwesinger
17%
40 Mason Taylor
17%
33 Nic Scourton
17%
85 Andrew Mukuba
13%
67 Benjamin Morrison
13%
75 Darius Alexander
13%
28 Donovan Ezeiruaku
13%
100 Jalen Royals
13%
43 Jayden Higgins
13%
64 Kevin Winston Jr.
13%
61 Ozzy Trapilo
13%
78 Princely Umanmielen
13%
90 Shemar Turner
13%
66 Aireontae Ersery
10%
77 Alfred Collins
10%
54 Harold Fannin Jr.
10%
47 Jack Bech
10%
58 Jordan Burch
10%
65 Marcus Mbow
10%
76 Omarr Norman-Lott
10%
26 Trey Amos
10%
82 Wyatt Milum
10%
97 Azareye'h Thomas
7%
57 Bradyn Swinson
7%
93 Demetrius Knight Jr.
7%
69 Dylan Sampson
7%
59 Elijah Arroyo
7%
98 Gunnar Helm
7%
34 Jaylin Noel
7%
53 JT Tuimoloau
7%
88 Tory Horton
7%
96 Darien Porter
3%
99 Elic Ayomanor
3%
50 Jonah Savaiinaea
3%
87 Joshua Farmer
3%
95 Justin Walley
3%
37 Maxwell Hariston
3%
63 Terrance Ferguson
3%
86 Ty Robinson
3%
89 C.J. West
0%
72 Damien Martinez
0%
94 Dorian Strong
0%
60 Jacob Parrish
0%
92 Mitchell Evans
0%
84 Oluwafemi Oladejo
0%
No matching quizzes found
Score Distribution
Percent of People with Each Score
Percentile by Number Answered
Your Score History
You have not taken this quiz